Länder nach Duschgels #20 - Statistiken

Allgemein
  • Dieses Quiz wurde 19 mal gespielt
  • Das Durchschnittsergebnis liegt bei 6 aus 8
Antwortstatistiken
Bildquiz Antwort % Korrekt
Vereinigte Staaten
100%
Island
95%
Kenia
79%
Elfenbeinküste
68%
San Marino
68%
Laos
58%
Trinidad und Tobago
53%
Sierra Leone
42%
Keine übereinstimmenden Quizze gefunden
Verteilung der Resultate
Anzahl Personen mit jedem Resultat
Perzentil nach korrekt beantworteten Fragen
Ihre Resultats-Entwicklung
Sie haben dieses Quiz noch nicht gespielt